[Event "CHN-chT 4th"]
[Site "China"]
[Date "2008.12.04"]
[Round "15"]
[White "Hou, Yifan"]
[Black "Ning, Chunhong"]
[Result "1/2-1/2"]
[WhiteElo "2578"]
[BlackElo "2354"]
[PlyCount "54"]
[EventDate "2008.12.??"]
[EventType "team-tourn"]
[EventRounds "18"]
[EventCountry "CHN"]
[SourceTitle "EXT 2017"]
[Source "ChessBase"]
[SourceDate "2016.10.25"]
[SourceVersion "1"]
[SourceVersionDate "2016.10.25"]
[SourceQuality "1"]

1. e4 c5 2. Nf3 Nc6 3. Bb5 d6 4. d4 cxd4 5. Qxd4 Bd7 6. Bxc6 Bxc6 7. Nc3 Nf6 8. Bg5 e6 9. 0-0-0 Be7 10. Qd3 0-0 11. Nd4 a6 12. h4 Qc7 13. f4 Rfe8 14. f5 e5 15. Bxf6 Bxf6 16. Nde2 Rac8 17. Rd2 Qa5 18. g4 b5 19. g5 Be7 20. Nd5 Qxa2 21. Nxe7+ Kf8 22. Nc3 Qa1+ 23. Nb1 Kxe7 24. f6+ Kf8 25. h5 Qa4 26. Nc3 Qa1+ 27. Nb1 Qa4 1/2-1/2

[Event "CHN-chT 4th"]
[Site "China"]
[Date "2008.12.02"]
[Round "13"]
[White "Wang, Yu A"]
[Black "Ning, Chunhong"]
[Result "1-0"]
[WhiteElo "2381"]
[BlackElo "2354"]
[PlyCount "49"]
[EventDate "2008.12.??"]
[EventType "team-tourn"]
[EventRounds "18"]
[EventCountry "CHN"]
[SourceTitle "EXT 2017"]
[Source "ChessBase"]
[SourceDate "2016.10.25"]
[SourceVersion "1"]
[SourceVersionDate "2016.10.25"]
[SourceQuality "1"]

1. e4 Nf6 2. e5 Nd5 3. d4 d6 4. c4 Nb6 5. exd6 cxd6 6. Nc3 g6 7. Be3 Bg7 8. Rc1 0-0 9. b3 Nc6 10. d5 Nb4 11. a3 Na6 12. Be2 Nc7 13. Nf3 e6 14. dxe6 Bxe6 15. Nd4 d5 16. c5 Nd7 17. b4 Ne5 18. 0-0 a6 19. Re1 Qd7 20. Na4 Rae8 21. Nb6 Qd8 22. Qd2 Nc6 23. Rcd1 Qh4 24. Nxc6 bxc6 25. Bg5 1-0

[Event "CHN-chT Torch Real Estate Cup"]
[Site "Jiangsu Wuxi"]
[Date "2008.10.21"]
[Round "9"]
[White "Li, Ruofan"]
[Black "Ning, Chunhong"]
[Result "1-0"]
[WhiteElo "2423"]
[BlackElo "2362"]
[PlyCount "81"]
[EventDate "2008.05.19"]
[EventType "team-tourn"]
[EventRounds "12"]
[EventCountry "CHN"]
[SourceTitle "EXT 2009"]
[Source "ChessBase"]
[SourceDate "2008.11.26"]
[SourceVersion "1"]
[SourceVersionDate "2008.11.26"]
[SourceQuality "1"]

1. Nf3 d5 2. d4 Nf6 3. c4 dxc4 4. e3 e6 5. Bxc4 c5 6. 0-0 a6 7. Qe2 Nc6 8. Rd1 Qc7 9. Bb3 Be7 10. Nc3 0-0 11. dxc5 Bxc5 12. Bd2 Rd8 13. Rac1 Be7 14. e4 Nd7 15. Be3 b5 16. Nd5 exd5 17. exd5 Bb7 18. dxc6 Bxc6 19. Bd5 Nb8 20. Qc2 Qb7 21. Bxf7+ Kxf7 22. Rxd8 Bxd8 23. Ne5+ Kg8 24. Nxc6 Nxc6 25. Qxc6 Qxc6 26. Rxc6 Bf6 27. b3 a5 28. g4 b4 29. Rc4 Kf7 30. Kg2 h6 31. h3 Ke6 32. Kf3 Bc3 33. Ke4 Re8 34. Bb6 Kf7+ 35. Kd3 Ra8 36. a4 Ra6 37. Bc7 Kg6 38. Rc5 Be1 39. f4 Bc3 40. Kc4 Ra8 41. Bxa5 1-0

[Event "CHN-chT Torch Real Estate Cup"]
[Site "Jiangsu Wuxi"]
[Date "2008.05.20"]
[Round "8"]
[White "Wang, Pin"]
[Black "Ning, Chunhong"]
[Result "0-1"]
[WhiteElo "2415"]
[BlackElo "2362"]
[PlyCount "85"]
[EventDate "2008.05.19"]
[EventType "team-tourn"]
[EventRounds "12"]
[EventCountry "CHN"]
[SourceTitle "EXT 2009"]
[Source "ChessBase"]
[SourceDate "2008.11.26"]
[SourceVersion "1"]
[SourceVersionDate "2008.11.26"]
[SourceQuality "1"]

1. e4 c5 2. Nf3 Nc6 3. Nc3 e5 4. Bc4 d6 5. d3 Be7 6. 0-0 Nf6 7. Ng5 0-0 8. f4 Bg4 9. Qe1 exf4 10. h3 Bd7 11. Bxf4 Nd4 12. Qd2 b5 13. Bd5 Rc8 14. Nf3 b4 15. Nd1 Nxd5 16. exd5 Bf6 17. c3 bxc3 18. bxc3 Nxf3+ 19. Rxf3 Re8 20. Ne3 Be5 21. Raf1 Bxf4 22. Rxf4 f6 23. Qf2 Bb5 24. c4 Bd7 25. Qg3 Kh8 26. Rh4 Re5 27. Rf3 Qe8 28. d4 cxd4 29. Rxd4 Rb8 30. Rd1 Rb2 31. c5 dxc5 32. Nc4 Rg5 33. Qxg5 fxg5 34. Nxb2 g4 35. Rff1 gxh3 36. Rde1 Qb8 37. Nc4 h6 38. Ne5 Qb2 39. gxh3 Qd4+ 40. Kh2 Qxd5 41. Ng6+ Kh7 42. Nf4 Qxa2+ 43. Re2 0-1

[Event "CHN-chT Torch Real Estate Cup"]
[Site "Jiangsu Wuxi"]
[Date "2008.05.19"]
[Round "7"]
[White "Gu, Xiaobing"]
[Black "Ning, Chunhong"]
[Result "1-0"]
[WhiteElo "2225"]
[BlackElo "2362"]
[PlyCount "75"]
[EventDate "2008.05.19"]
[EventType "team-tourn"]
[EventRounds "12"]
[EventCountry "CHN"]
[SourceTitle "EXT 2009"]
[Source "ChessBase"]
[SourceDate "2008.11.26"]
[SourceVersion "1"]
[SourceVersionDate "2008.11.26"]
[SourceQuality "1"]

1. e4 c5 2. Nc3 Nc6 3. f4 e6 4. Bc4 Nf6 5. e5 d5 6. Bb5 Nd7 7. Bxc6 bxc6 8. d3 Be7 9. Nf3 0-0 10. Qe2 Rb8 11. 0-0 Qc7 12. b3 f6 13. exf6 Rxf6 14. g3 Ba6 15. Bb2 Rbf8 16. Rae1 Rg6 17. Kh1 Bd6 18. Nb1 c4 19. bxc4 dxc4 20. dxc4 Nb6 21. Nbd2 c5 22. Be5 Bb7 23. Kg1 Qc6 24. Qe4 Qc8 25. Qe2 Rd8 26. Bxd6 Rxd6 27. Ne5 Rh6 28. Ndf3 Rf6 29. Rd1 Rxd1 30. Rxd1 Rf8 31. Qd3 h6 32. Nh4 Ba8 33. Qd6 Re8 34. Nhf3 Nxc4 35. Qd7 Ne3 36. Qf7+ Kh7 37. Rd7 Nf5 38. g4 1-0